| 000 | 01727cam a22004574i 4500 | ||
|---|---|---|---|
| 003 | PE-LiUPU | ||
| 005 | 20250731184606.0 | ||
| 008 | 150616s r 000 0 d | ||
| 035 | _a(Sirsi) a7034 | ||
| 040 |
_aPE-LiUPU _bspa _cPE-LiUPU _erda |
||
| 049 | _aPRUA | ||
| 082 | 0 | 4 |
_a922.2 _bV38 _221 |
| 100 | 1 |
_aVázquez de Prada, Andrés, _eautor. |
|
| 245 | 1 | 0 | _aO Fundador do Opus Dei. |
| 264 | 1 |
_aSao Paulo : _bQuadrante, _c1989. |
|
| 300 |
_a604 páginas : _bIlustraciones ; _c23 cm. |
||
| 336 |
_atext _2rdacontent |
||
| 337 |
_aunmediated _2rdamedia |
||
| 338 |
_avolume _2rdacarrier |
||
| 505 | 0 | _aRecordacoes de Barbastro -- Vislumbres de amor -- Um jovem sacerdote -- Os Alicerces do Opus Dei -- Anos de guerra civil -- A contradicao dos bons -- Roma -- Expansao e governo da obra -- A época do concilio Vatiano II -- Comecar e recomecar -- Perfil e estilo -- Ultimos anos da sua vida 1974-1975 Opus Dei. | |
| 526 | _aP136 | ||
| 526 | _aP135 | ||
| 526 | _aP134 | ||
| 526 | _aP133 | ||
| 526 | _aP144 | ||
| 526 | _aP143 | ||
| 526 | _aP87 | ||
| 526 | _aP35 | ||
| 526 | _aP20 | ||
| 526 | _aP14 | ||
| 526 | _aP10 | ||
| 526 | _aP06 | ||
| 650 | 0 | 4 | _aESCRIVA DE BALAGUER Y ALBAS, JOSEMARIA, 1902-1975 - ESTUDIO. |
| 910 |
_ajck _bjvq _cjck |
||
| 942 |
_2ddc _cBOOK |
||
| 949 |
_a922.2 V38 _wDEWEY _c1 _i40439 _lCCODEBUL1 _mBUL _p00.00 _r0 _sY _tBOOK _u19960129 _xTEOLOGIA _zUNKNOWN _0COMPRA _o.STAFF. Colección General |
||
| 994 |
_aC0 _bPEPRU |
||
| 596 | _a1 | ||
| 999 |
_a922.2 V38 _wDEWEY _c58233 _i40439 _f2021-11-11 _g5 _lCCODEBUL1 _mBUL _r0 _sY _tBOOK _u2015-6-16 _xTEOLOGIA _zUNKNOWN _0COMPRA _o.STAFF. Colección General _d58233 |
||
| 980 |
_81 _gALBERTO SANCHEZ Responsable de Automatización |
||